| Tag |
First Indicator |
Second Indicator |
Subfields |
| LEADER |
00000cam a22000001 4500 |
| 001 |
in00000071931 |
| 005 |
20151008062450.0 |
| 008 |
710318s1968 oku 00010 eng |
| 010 |
|
|
|a 68031369
|
| 019 |
|
|
|a 449923
|
| 035 |
|
|
|a (OCoLC)00319083
|
| 035 |
|
|
|9 AAK0284AM
|
| 040 |
|
|
|a DLC
|c DLC
|d TXA
|d UtOrBLW
|
| 043 |
|
|
|a n-usp--
|
| 049 |
|
|
|a TXAM
|c 1 [481176], 2 [1502056]
|
| 050 |
0 |
0 |
|a PE2970.W4
|b A3 1968
|
| 082 |
0 |
|
|a 427.9/78
|
| 100 |
1 |
|
|a Adams, Ramon F.
|q (Ramon Frederick),
|d 1889-1976.
|
| 245 |
1 |
0 |
|a Western words ;
|b a dictionary of the American West /
|c by Ramon F. Adams.
|
| 250 |
|
|
|a New ed., rev. and enl.
|
| 264 |
|
1 |
|a Norman :
|b University of Oklahoma Press,
|c [1968]
|
| 300 |
|
|
|a xviii, 355 pages ;
|c 23 cm.
|
| 336 |
|
|
|a text
|b txt
|2 rdacontent
|
| 337 |
|
|
|a unmediated
|b n
|2 rdamedia
|
| 338 |
|
|
|a volume
|b nc
|2 rdacarrier
|
| 650 |
|
0 |
|a English language
|x Provincialisms
|z West (U.S.)
|
| 999 |
|
|
|a MARS
|
| 999 |
f |
f |
|s 6c5743c5-9068-310a-8789-c611bfffc2e5
|i 5c89ab0b-6503-3064-bce3-7c1e7d0e1120
|t 0
|
| 952 |
f |
f |
|p normal
|a Texas A&M University
|b College Station
|c Sterling C. Evans Library
|s Evans stk
|d Evans: Library Stacks
|t 0
|e PE2970.W4 A3 1968
|h Library of Congress classification
|i unmediated -- volume
|m A14803605995
|
| 998 |
f |
f |
|a PE2970.W4 A3 1968
|t 0
|l Evans: Library Stacks
|